| 000 | 00753nam a22002417a 4500 | ||
|---|---|---|---|
| 001 | 36688 | ||
| 003 | BD-RjUL | ||
| 005 | 20211209052523.0 | ||
| 008 | 140810s1992 ii |||| b||| 001 0 eng d | ||
| 020 | _a8170244943 | ||
| 035 | _a(BD-RjUL)36789 | ||
| 040 |
_aBD-RjUL _beng _cBD-RjUL _dBD-RjUL |
||
| 041 | _aeng | ||
| 082 |
_220 _a363.700954 _bGHE 1992 |
||
| 100 |
_aGhosh, G. K. _9111872 |
||
| 245 |
_aEnvironmental pollution : _ba scientific dimension / _cG.K. Ghosh. |
||
| 260 |
_aNew Delhi : _bAshish Pub. House, _cc1992. |
||
| 300 |
_ax, 250 p. ; _c23 cm. |
||
| 504 | _a Includes bibliographical reference (p. [237]-244) and index. | ||
| 650 |
_aPollution _zIndia. _943959 |
||
| 650 |
_aSustainable development _zIndia. _9111873 |
||
| 942 |
_2ddc _cBK |
||
| 999 |
_c36688 _d36688 |
||